[Event "Bogota Univ Central op-B 5th"]
[Site "Bogota"]
[Date "2011.10.15"]
[Round "5.15"]
[White "Sabogal Varela, Jose Joaquin"]
[Black "Velandia, Nilson Ferney"]
[Result "0-1"]
[WhiteElo "1277"]
[BlackElo "1625"]
[PlyCount "23"]
[EventDate "2011.10.13"]
[EventType "swiss"]
[EventRounds "9"]
[EventCountry "COL"]
[SourceTitle "EXT 2024"]
[Source "ChessBase"]
[SourceDate "2023.10.10"]
[SourceVersion "1"]
[SourceVersionDate "2023.10.10"]
[SourceQuality "1"]

1. e4 e5 2. Nf3 Nf6 3. Nc3 Bc5 4. d4 Bb4 5. Bd2 Bxc3 6. Bxc3 Nxe4 7. Bb4 Nc6 8. Qd3 Nf6 9. 0-0-0 h6 10. Nxe5 Nh7 11. Be2 d6 12. Nf3 0-1